Responses for Show #8551 - Monday, January 10, 2022

Amy Schneider game 29.

Contestants

[<< previous game]

David Petersen, a boiler operator from Dunbarton, New Hampshire

Jenni Govea, an operations generalist from Schaumburg, Illinois

Amy Schneider, an engineering manager from Oakland, California (whose 28-day cash winnings total $1,019,600)

[next game >>]

Jeopardy! Round responses

SUBURBS
THE HUGO AWARDS
NEXT IN LINE...
NEW CHESS STRATAGEMS?
CELEBRITY HOBBIES
WORDS FROM ARABIC
    $200 21
the Seine

David
    $200 7
The Twilight Zone

Amy
    $200 12
California

Jenni
    $200 19
(David: What's the Queen's Gambit?)

an insanity defense

David
Triple Stumper
    $200 1
honey

Amy
    $200 3
a mummy

Amy
    $400 16
Sydney

David
    $400 8
George R.R. Martin

Amy
    $400 13
major

Amy
    $400 20
denial-of-service

Triple Stumper
    $400 2
Phil Collins

David
    $400 22
a caravan

Jenni
    $600 17
Short Hills, New Jersey

Triple Stumper
    $600 9
(Jenni: Who is "GUY-man"?)
(Ken: Neil "GAY-min", yeah.)

(Neil) Gaiman

Jenni
    $600 14
Polk

David
    $600 25
Mario Lopez

Amy
    $600 4
karate

Jenni
    $600 23
(Jenni: What is a golem?)

a ghoul

Jenni
Triple Stumper
    $800 29
Mexico City

Amy
    $800 10
Heinlein

Amy
    $1,000 15
(Ken: Maybe an easy one for the man from New Hampshire.)

Dartmouth

David
    $800 26
(Ken: Less than a minute to go.)

a gut check

Amy
    $800 5
(Meryl) Streep

Jenni
    $800 18
tariff

Jenni
    $1000 30
Khrushchev

David
    $1000 11
Samuel R. Delany

Triple Stumper
    $1000 28
mu

Amy
    $1000 27
(Jenni: What is a pasta fork? [*]?)

spaghetti fork

Jenni
    $1000 6
snow globes

Amy
    $1000 24
the lute

Amy

Scores at the first commercial break (after clue 15):

Amy Jenni David
$3,200 $2,200 $2,000

Scores at the end of the Jeopardy! Round:

Amy Jenni David
$7,400 $3,800 $3,400

Double Jeopardy! Round responses

BANK SHOTS
PARTS OF A POEM
WHALES
SOME TRAVELIN' MUSIC, PLEASE
BETWEEN THE WORLD WARS
3 CONSECUTIVE VOWELS
    $400 4
a Robot Building

David
    $400 22
a foot

Amy
    $400 27
(Ken: Less than a minute.)

echolocation

Amy
    $400 28
Train

Jenni
    $400 5
Lenin

Amy
    $400 16
squeak

Amy
    $800 3
(Jenni: What is Oslo?)

Copenhagen

Jenni
Triple Stumper
    $800 25
(Jenni: What is couplet?)

stanza

AmyJenni
    $800 24
baleen

Amy
    $800 1
Bruce Springsteen

Triple Stumper
    $800 6
the Social Security Act

Amy
    $800 26
ciao

Amy
    $1200 19
(Amy: What are... uh, monsoons?)

typhoons

AmyDavid
    $1200 10
a quatrain

Amy
    $1200 11
the beluga

Amy
    $1200 2
"When I'm Gone"

Triple Stumper
    $1200 7
Jesse Owens

Amy
    $1200 13
aioli

Jenni
    $1600 21
Dubai

Jenni
    $4,000 17
an apostrophe

Amy
    $4,000 9
(David: I don't got it.)

the flukes

David
    $1600 30
"Walking In Memphis"

Amy
    $1600 8
reparations

David
    $1600 14
a Naiad

Amy
    $2000 20
geothermal

Jenni
    $2000 18
caesura

Triple Stumper
    $2000 23
the sperm whale

Amy
    $2000 29
Paul McCartney

Triple Stumper
    $2000 12
(Ken: Yes, the Sandinistas were named for [*].)

Sandino

Amy
    $2000 15
Pangaea

David

Scores at the end of the Double Jeopardy! Round:

Amy Jenni David
$25,800 $7,400 $4,600
(lock game)

[wagering suggestions for these scores]

Final Jeopardy! Round responses

19th CENTURY NOTABLES
(Ken: [To Amy] The key here was the brother--the tortured artist who wrote many letters to his brother Theo; this was [*].)
DavidWho is Sartre?
$4,599
JenniWho is Napoleon?
$7,000
AmyWho is Dreyfuss?
$10,000
Vincent van Gogh

Final scores:

Amy Jenni David
$15,800 $400 $1
29-day champion: $1,035,400 2nd place: $2,000 3rd place: $1,000

Game dynamics:

Coryat scores:

Amy Jenni David
$23,400 $7,400 $8,400
28 R
(including 1 DD),
1 W
11 R,
3 W
10 R
(including 1 DD),
2 W
(including 1 DD)

Combined Coryat: $39,200

[game clues] [game scores] [suggest correction]

Game tape date: 2021-11-02
The J! Archive is created by fans, for fans. Scraping, republication, monetization, and malicious use prohibited; this site may use cookies and collect identifying information. See terms. The Jeopardy! game show and all elements thereof, including but not limited to copyright and trademark thereto, are the property of Jeopardy Productions, Inc. and are protected under law. This website is not affiliated with, sponsored by, or operated by Jeopardy Productions, Inc. Join the discussion at JBoard.tv.